Sports Quiz

Random Sports or Country Quiz

Name every Fifa World Cup host country Quiz Stats

 Plays Quiz not verified by Sporcle

Support Sporcle.
Go Orange.
Score 0/21 Timer 05:00
0 Plays Today
Year Answer % Correct
1950Brazil
98.6%
2014Brazil
98.6%
1974West Germany
98.4%
2002South Korea, Japan
98.4%
1938France
98.3%
1998France
98.3%
2006Germany
98.2%
1966England
97.9%
1934Italy
96.5%
1990Italy
96.5%
1994United States of America
96.4%
Year Answer % Correct
2018Russia
94.7%
1982Spain
94.5%
1978Argentina
93.3%
2010South Africa
92%
1970Mexico
90.9%
1986Mexico
90.9%
1930Uruguay
90.1%
1958Sweden
68.1%
1962Chile
60.6%
1954Switzerland
39.8%

You're not logged in!

Compare scores with friends on all Sporcle quizzes.
OR
Log In

From the Vault

Geography Bunker IV

by griswald

You're about to enter the danger zone.
Remove Ads.
Support Sporcle.
Get the best of Sporcle when you Go Orange. This ad-free experience offers more features, more stats, and more fun while also helping to support Sporcle. Thank you for becoming a member.

Show Comments

Extras

Created Apr 11, 2021ReportNominate
Tags:Country Quiz, World Quiz, cup, FIFA, host

Top Quizzes Today


Score Distribution

Your Account Isn't Verified!

In order to create a playlist on Sporcle, you need to verify the email address you used during registration. Go to your Sporcle Settings to finish the process.

Report this User

Report this user for behavior that violates our Community Guidelines.

Details: